Diseno y construccion de un control de carga para minicentrales hidroelectricas

Salvato in:
Dettagli Bibliografici
Autore principale: Roldan, William
Natura: Tesi Libro
Lingua:Undetermined
Pubblicazione: 1982
Soggetti:
Tags: Aggiungi Tag
Nessun Tag, puoi essere il primo ad aggiungerne!!

MARC

LEADER 00000nam a2200000Ia 4500
001 1949
008 140114s9999 xx 000 0 und d
100 |a Roldan, William 
245 |a Diseno y construccion de un control de carga para minicentrales hidroelectricas 
260 |c 1982 
500 |a NULL 
502 |a Escuela de ingenieria Electrica 
650 |z CONTROL DE CARGA 
999 |c 11463  |d 11463